<?xml version="1.0" encoding="UTF-8"?>
<record
    xmlns:xsi="http://www.w3.org/2001/XMLSchema-instance"
    xsi:schemaLocation="http://www.loc.gov/MARC21/slim http://www.loc.gov/standards/marcxml/schema/MARC21slim.xsd"
    xmlns="http://www.loc.gov/MARC21/slim">

  <leader>01051nam a2200301 a 4500</leader>
  <controlfield tag="001">41827</controlfield>
  <controlfield tag="003">BD-RjUL</controlfield>
  <controlfield tag="005">20211209053445.0</controlfield>
  <controlfield tag="008">160606s1972    enk       b   000 0 eng d</controlfield>
  <datafield tag="020" ind1=" " ind2=" ">
    <subfield code="a">0854962212</subfield>
  </datafield>
  <datafield tag="035" ind1=" " ind2=" ">
    <subfield code="a">(BD-RjUL)41945</subfield>
  </datafield>
  <datafield tag="040" ind1=" " ind2=" ">
    <subfield code="a">BD-RjUL</subfield>
    <subfield code="b">eng</subfield>
    <subfield code="c">BD-RjUL</subfield>
    <subfield code="d">BD-RjUL</subfield>
  </datafield>
  <datafield tag="041" ind1="1" ind2=" ">
    <subfield code="a">eng</subfield>
    <subfield code="h">ger</subfield>
  </datafield>
  <datafield tag="082" ind1=" " ind2=" ">
    <subfield code="2">22</subfield>
    <subfield code="a">338.911724</subfield>
    <subfield code="b">EPN 1972</subfield>
  </datafield>
  <datafield tag="100" ind1="1" ind2=" ">
    <subfield code="a">Eppler, Erhard.</subfield>
    <subfield code="9">128480</subfield>
  </datafield>
  <datafield tag="245" ind1="1" ind2="0">
    <subfield code="a">Not much time for the Third World /</subfield>
    <subfield code="c">Erhard Eppler ; translated from the German by Gerard Finan</subfield>
  </datafield>
  <datafield tag="260" ind1=" " ind2=" ">
    <subfield code="a">London :</subfield>
    <subfield code="b">Wolff,</subfield>
    <subfield code="c">c1972</subfield>
  </datafield>
  <datafield tag="300" ind1=" " ind2=" ">
    <subfield code="a">143 p. ;</subfield>
    <subfield code="c">19 cm</subfield>
  </datafield>
  <datafield tag="500" ind1=" " ind2=" ">
    <subfield code="a">Translation of Wenig Zeit f&#xFC;r die Dritte Welt</subfield>
  </datafield>
  <datafield tag="504" ind1=" " ind2=" ">
    <subfield code="a">Includes bibliographical references: p.140-143</subfield>
  </datafield>
  <datafield tag="650" ind1=" " ind2="0">
    <subfield code="a">Economic assistance, German</subfield>
    <subfield code="z">Developing countries</subfield>
    <subfield code="9">128481</subfield>
  </datafield>
  <datafield tag="650" ind1=" " ind2="0">
    <subfield code="a">Technical assistance, German</subfield>
    <subfield code="z">Developing countries</subfield>
    <subfield code="9">128482</subfield>
  </datafield>
  <datafield tag="651" ind1=" " ind2="0">
    <subfield code="a">Developing countries</subfield>
    <subfield code="x">Economic conditions</subfield>
    <subfield code="9">128238</subfield>
  </datafield>
  <datafield tag="710" ind1=" " ind2=" ">
    <subfield code="a">Gerard Finan</subfield>
    <subfield code="9">128483</subfield>
  </datafield>
  <datafield tag="942" ind1=" " ind2=" ">
    <subfield code="2">ddc</subfield>
    <subfield code="c">BK</subfield>
  </datafield>
  <datafield tag="999" ind1=" " ind2=" ">
    <subfield code="c">41827</subfield>
    <subfield code="d">41827</subfield>
  </datafield>
  <datafield tag="952" ind1=" " ind2=" ">
    <subfield code="0">0</subfield>
    <subfield code="1">0</subfield>
    <subfield code="2">ddc</subfield>
    <subfield code="4">0</subfield>
    <subfield code="7">1</subfield>
    <subfield code="8">NFIC</subfield>
    <subfield code="a">RUCL</subfield>
    <subfield code="b">RUCL</subfield>
    <subfield code="c">Reading</subfield>
    <subfield code="d">1975-04-14</subfield>
    <subfield code="e">Library republic of Germany</subfield>
    <subfield code="l">0</subfield>
    <subfield code="o">338.911724 EPN 1972</subfield>
    <subfield code="r">2016-06-06 00:00:00</subfield>
    <subfield code="t">C-1</subfield>
    <subfield code="w">2016-06-06</subfield>
    <subfield code="y">BK</subfield>
  </datafield>
  <datafield tag="952" ind1=" " ind2=" ">
    <subfield code="0">0</subfield>
    <subfield code="1">0</subfield>
    <subfield code="2">ddc</subfield>
    <subfield code="4">0</subfield>
    <subfield code="7">0</subfield>
    <subfield code="8">NFIC</subfield>
    <subfield code="a">RUCL</subfield>
    <subfield code="b">RUCL</subfield>
    <subfield code="c">Stack</subfield>
    <subfield code="d">1975-04-14</subfield>
    <subfield code="e">Library republic of Germany</subfield>
    <subfield code="l">0</subfield>
    <subfield code="o">338.911724 EPN 1972</subfield>
    <subfield code="r">2016-06-06 00:00:00</subfield>
    <subfield code="t">C-2</subfield>
    <subfield code="w">2016-06-06</subfield>
    <subfield code="y">BK</subfield>
  </datafield>
  <datafield tag="952" ind1=" " ind2=" ">
    <subfield code="0">0</subfield>
    <subfield code="1">0</subfield>
    <subfield code="2">ddc</subfield>
    <subfield code="4">0</subfield>
    <subfield code="7">0</subfield>
    <subfield code="8">NFIC</subfield>
    <subfield code="a">RUCL</subfield>
    <subfield code="b">RUCL</subfield>
    <subfield code="c">Stack</subfield>
    <subfield code="d">1975-04-14</subfield>
    <subfield code="e">Library republic of Germany</subfield>
    <subfield code="l">0</subfield>
    <subfield code="o">338.911724 EPN 1972</subfield>
    <subfield code="r">2016-06-06 00:00:00</subfield>
    <subfield code="t">C-3</subfield>
    <subfield code="w">2016-06-06</subfield>
    <subfield code="y">BK</subfield>
  </datafield>
  <datafield tag="952" ind1=" " ind2=" ">
    <subfield code="0">0</subfield>
    <subfield code="1">0</subfield>
    <subfield code="2">ddc</subfield>
    <subfield code="4">0</subfield>
    <subfield code="7">0</subfield>
    <subfield code="8">NFIC</subfield>
    <subfield code="a">RUCL</subfield>
    <subfield code="b">RUCL</subfield>
    <subfield code="c">Stack</subfield>
    <subfield code="d">1975-04-14</subfield>
    <subfield code="e">Library republic of Germany</subfield>
    <subfield code="l">0</subfield>
    <subfield code="o">338.911724 EPN 1972</subfield>
    <subfield code="r">2016-06-06 00:00:00</subfield>
    <subfield code="t">C-4</subfield>
    <subfield code="w">2016-06-06</subfield>
    <subfield code="y">BK</subfield>
  </datafield>
  <datafield tag="952" ind1=" " ind2=" ">
    <subfield code="0">0</subfield>
    <subfield code="1">0</subfield>
    <subfield code="2">ddc</subfield>
    <subfield code="4">0</subfield>
    <subfield code="7">0</subfield>
    <subfield code="8">NFIC</subfield>
    <subfield code="a">RUCL</subfield>
    <subfield code="b">RUCL</subfield>
    <subfield code="c">Stack</subfield>
    <subfield code="d">1975-04-14</subfield>
    <subfield code="e">Library republic of Germany</subfield>
    <subfield code="l">0</subfield>
    <subfield code="o">338.911724 EPN 1972</subfield>
    <subfield code="r">2016-06-06 00:00:00</subfield>
    <subfield code="t">C-5</subfield>
    <subfield code="w">2016-06-06</subfield>
    <subfield code="y">BK</subfield>
  </datafield>
  <datafield tag="952" ind1=" " ind2=" ">
    <subfield code="0">0</subfield>
    <subfield code="1">0</subfield>
    <subfield code="2">ddc</subfield>
    <subfield code="4">0</subfield>
    <subfield code="7">0</subfield>
    <subfield code="8">NFIC</subfield>
    <subfield code="a">RUCL</subfield>
    <subfield code="b">RUCL</subfield>
    <subfield code="c">Stack</subfield>
    <subfield code="d">1975-04-14</subfield>
    <subfield code="e">Library republic of Germany</subfield>
    <subfield code="l">0</subfield>
    <subfield code="o">338.911724 EPN 1972</subfield>
    <subfield code="r">2016-06-06 00:00:00</subfield>
    <subfield code="t">C-6</subfield>
    <subfield code="w">2016-06-06</subfield>
    <subfield code="y">BK</subfield>
  </datafield>
  <datafield tag="952" ind1=" " ind2=" ">
    <subfield code="0">0</subfield>
    <subfield code="1">0</subfield>
    <subfield code="2">ddc</subfield>
    <subfield code="4">0</subfield>
    <subfield code="7">0</subfield>
    <subfield code="8">NFIC</subfield>
    <subfield code="a">RUCL</subfield>
    <subfield code="b">RUCL</subfield>
    <subfield code="c">Stack</subfield>
    <subfield code="d">1975-04-14</subfield>
    <subfield code="e">Library republic of Germany</subfield>
    <subfield code="l">0</subfield>
    <subfield code="o">338.911724 EPN 1972</subfield>
    <subfield code="r">2016-06-06 00:00:00</subfield>
    <subfield code="t">C-7</subfield>
    <subfield code="w">2016-06-06</subfield>
    <subfield code="y">BK</subfield>
  </datafield>
  <datafield tag="952" ind1=" " ind2=" ">
    <subfield code="0">0</subfield>
    <subfield code="1">0</subfield>
    <subfield code="2">ddc</subfield>
    <subfield code="4">0</subfield>
    <subfield code="7">0</subfield>
    <subfield code="8">NFIC</subfield>
    <subfield code="a">RUCL</subfield>
    <subfield code="b">RUCL</subfield>
    <subfield code="c">Stack</subfield>
    <subfield code="d">1975-04-14</subfield>
    <subfield code="e">Library republic of Germany</subfield>
    <subfield code="l">0</subfield>
    <subfield code="o">338.911724 EPN 1972</subfield>
    <subfield code="r">2016-06-06 00:00:00</subfield>
    <subfield code="t">C-8</subfield>
    <subfield code="w">2016-06-06</subfield>
    <subfield code="y">BK</subfield>
  </datafield>
  <datafield tag="952" ind1=" " ind2=" ">
    <subfield code="0">0</subfield>
    <subfield code="1">0</subfield>
    <subfield code="2">ddc</subfield>
    <subfield code="4">0</subfield>
    <subfield code="7">0</subfield>
    <subfield code="8">NFIC</subfield>
    <subfield code="a">RUCL</subfield>
    <subfield code="b">RUCL</subfield>
    <subfield code="c">Stack</subfield>
    <subfield code="d">1975-04-14</subfield>
    <subfield code="e">Library republic of Germany</subfield>
    <subfield code="l">0</subfield>
    <subfield code="o">338.911724 EPN 1972</subfield>
    <subfield code="r">2016-06-06 00:00:00</subfield>
    <subfield code="t">C-9</subfield>
    <subfield code="w">2016-06-06</subfield>
    <subfield code="y">BK</subfield>
  </datafield>
  <datafield tag="952" ind1=" " ind2=" ">
    <subfield code="0">0</subfield>
    <subfield code="1">0</subfield>
    <subfield code="2">ddc</subfield>
    <subfield code="4">0</subfield>
    <subfield code="7">0</subfield>
    <subfield code="8">NFIC</subfield>
    <subfield code="a">RUCL</subfield>
    <subfield code="b">RUCL</subfield>
    <subfield code="c">Stack</subfield>
    <subfield code="d">1975-04-14</subfield>
    <subfield code="e">Library republic of Germany</subfield>
    <subfield code="l">0</subfield>
    <subfield code="o">338.911724 EPN 1972</subfield>
    <subfield code="r">2016-06-06 00:00:00</subfield>
    <subfield code="t">C-10</subfield>
    <subfield code="w">2016-06-06</subfield>
    <subfield code="y">BK</subfield>
  </datafield>
</record>
